000
00306nam a22001337a 4500
008
180917b xxu||||| |||| 00| 0 eng d
020
_a
9780130990754
041
_a
eng
080
_2
3 ED
_a
610.73
100
_a
1
101
_a
NUR
245
_a
Medical Surgical Nursing
_c
Lemone P
942
_2
udc
_c
BK
999
_c
47871
_d
47871